<?xml version="1.0" encoding="UTF-8"?>
<record
    xmlns:xsi="http://www.w3.org/2001/XMLSchema-instance"
    xsi:schemaLocation="http://www.loc.gov/MARC21/slim http://www.loc.gov/standards/marcxml/schema/MARC21slim.xsd"
    xmlns="http://www.loc.gov/MARC21/slim">

  <leader>02014nam a2200205Ia 4500</leader>
  <controlfield tag="001">b6605-47463 </controlfield>
  <controlfield tag="003">IT-MiCISF</controlfield>
  <controlfield tag="008">161014s9999||||xx |||||||||||||| ||und||</controlfield>
  <datafield tag="040" ind1=" " ind2=" ">
    <subfield code="a">IT-MiCISF</subfield>
    <subfield code="c">IT-MiCISF</subfield>
  </datafield>
  <datafield tag="041" ind1=" " ind2=" ">
    <subfield code="a">it</subfield>
  </datafield>
  <datafield tag="100" ind1=" " ind2=" ">
    <subfield code="a">Tarroni Nadia</subfield>
  </datafield>
  <datafield tag="245" ind1=" " ind2="0">
    <subfield code="a">Il traguardo dell'adozione e le sue sfide</subfield>
    <subfield code="b">Una ricerca sulle famiglie adottive ferraresi</subfield>
  </datafield>
  <datafield tag="250" ind1=" " ind2=" ">
    <subfield code="a">1a ed.</subfield>
  </datafield>
  <datafield tag="260" ind1=" " ind2=" ">
    <subfield code="a"> Milano</subfield>
    <subfield code="b">Franco Angeli</subfield>
    <subfield code="c">2009</subfield>
  </datafield>
  <datafield tag="300" ind1=" " ind2=" ">
    <subfield code="a">pp. 158</subfield>
  </datafield>
  <datafield tag="500" ind1=" " ind2=" ">
    <subfield code="a">In appendice questionario dell'indagine / adozione, territorio, famiglia-adottiva, esperienze, rapporti-genitori-figli, scuola / Il volume espone i principali esiti di una ricerca condotta sulle adozioni nazionali e internazionali concluse a Ferrara negli ultimi quindici anni. Muovendo dai risultati ottenuti dall'analisi delle diverse esperienze delle famiglie adottive ferraresi, attualmente impegnate ad affrontare fasi differenti del proprio ciclo vitale, lo studio vuole approfondire gli aspetti che attribuiscono all'evento adozione una dimensione propria di rischio, connessa alle molteplici sfide che esso impone alla famiglia e ai suoi singoli membri, nelle diverse tappe del suo percorso. Partendo da una interpretazione del rischio come prodotto del rapporto fra la quantit&#xE0; di risorse attuali e potenziali (di tipo affettivo, emotivo, materiale e organizzativo) possedute dalla coppia e le sfide che essa dovr&#xE0; affrontare, si focalizza l'attenzione sulla complessa fase dell'ingresso dei figli nell'et&#xE0; dell'adolescenza. L'indagine mette in evidenza la distinzione di due modalit&#xE0; specifiche di transizione in questa delicata fase dell'esistenza, e di connessione con il processo di legittimazione genitoriale, fra madri e padri, secondo le rispettive appartenenze di genere, mettendo in luce l'intrinseca complementariet&#xE0; delle risorse che la coppia pu&#xF2; mettere in campo durante il proprio percorso familiare.</subfield>
  </datafield>
  <datafield tag="650" ind1=" " ind2=" ">
    <subfield code="a"> Genitorialit&#xE0; e problemi educativi / adozione-affido</subfield>
    <subfield code="e">004</subfield>
  </datafield>
  <datafield tag="942" ind1=" " ind2=" ">
    <subfield code="c">BK</subfield>
  </datafield>
  <datafield tag="957" ind1=" " ind2=" ">
    <subfield code="7">1</subfield>
  </datafield>
  <datafield tag="999" ind1=" " ind2=" ">
    <subfield code="a">47463</subfield>
    <subfield code="b">si</subfield>
    <subfield code="g">1</subfield>
    <subfield code="c">210422</subfield>
    <subfield code="d">210422</subfield>
  </datafield>
  <datafield tag="952" ind1=" " ind2=" ">
    <subfield code="0">0</subfield>
    <subfield code="1">0</subfield>
    <subfield code="4">0</subfield>
    <subfield code="6">B_660547463</subfield>
    <subfield code="7">1</subfield>
    <subfield code="a">CISF</subfield>
    <subfield code="b">CISF</subfield>
    <subfield code="d">2016-10-14</subfield>
    <subfield code="l">0</subfield>
    <subfield code="o">b6605-47463 </subfield>
    <subfield code="r">2016-10-14 00:00:00</subfield>
    <subfield code="w">2016-10-14</subfield>
    <subfield code="y">BK</subfield>
    <subfield code="z">Data import 15.10.2016 / by Epidotti, Vaglietti</subfield>
  </datafield>
</record>
